Statistics for Picture to a country 3

Click here to take the quiz!

General Stats

  • This quiz has been taken 18 times
  • The average score is 8 of 16

Answer Stats

Answer% Correct
Australia
100%
Brazil
93%
Italy
93%
Italy
93%
United states of america
93%
United kingdom
87%
Croatia
60%
Iran
47%
Argentina
33%
New Zealand
33%
Tunisia
33%
Mongolia
13%
Latvia
7%
Angola
0%
Azerbaijan
0%
Bahrain
0%

Score Distribution

Percentile by Number Answered

Percent of People with Each Score

Your Score History

You have not taken this quiz